00684nam a2200193 4500001000700000003000900007005001700016007000300033008004100036100002700077245010700104250001300211260003400224300002900258700003000287852003200317999001900349952012200368127554ES-MaACL20230906193033.0t|070214s1972 sp r ||||1| spa d1 aRifa, Josefina.99718110aPlástica y pretecnología b: 6ª Enseñanza General Básica / cJosefina Rifa, Salvador Rossell. a1ª. ed. aBarcelona : bCasals, c1972. a13 p. : bil. ; c21 cm.1 aRossell, Salvador.999835 aES-MaACLjC-48950 bR.84955 c127554d127554 00104070aATENEOMbATENEOMcDEPO2d2008-01-17eSCl0oC-48950p1132853r2023-02-23 00:00:00w2023-02-23yMONOGRAFIA